000 00286nam a2200121Ia 4500
008 190216s9999||||xx |||||||||||||| ||und||
100 _aJack Lynn
245 4 _aThe Turncoat
260 _bSphere Books Ltd
_c1977
300 _a350p
650 _aEnglish Novel-English Novel
942 _cBK
999 _c12739
_d12739